000 00762nam a2200241Ia 4500
003 OSt
005 20220918195053.0
006 a|||||r|||| 00| 0
007 ta
008 220917b |||||||| |||| 00| 0 eng d
024 _a83,296
037 _cTextual
040 _aARTS
_cARTS
_beng
041 _2eng
_aeng
082 _aS2:7:4p3:N60, K5
110 _aConference In Psychosomatice Disorders In Adolescents And Young Adults, 1960 (London)
_988822
245 0 _aProceedings ed by John Hambling and Philip Hopkins
260 _c1965
650 _aPSYCHOLOGY
700 _aConference In Psychosomatice Disorders In Adolescents And Young Adults, 1960 (London)
_988823
942 _hS2:7:4p3:N60, K5
_cTEXL
_2CC
999 _c207011
_d207011